| 000 | 00807nam a22002055a 4500 | ||
|---|---|---|---|
| 003 | OSt | ||
| 005 | 20161204110024.0 | ||
| 008 | 161204s2013 ua frb 000 0 ara d | ||
| 040 |
_aEG-ScBUE _bara _cEG-ScBUE |
||
| 082 | 0 | 4 |
_a297.2 _bع ي د _222 |
| 100 | 1 | _aعيد، عبد المنعم أحمد سلطان. | |
| 245 | 1 | 0 |
_aدور الوسطية الإسلامية في الأحكام الشرعية : _bدراسة مقارنة / _cإعداد عبد المنعم أحمد سلطان عيد. |
| 260 |
_aالقاهرة : _bدار النهضة العربية، _c[?2013] |
||
| 300 |
_a450 ص. ؛ _c24 سم. |
||
| 504 | _aيشتمل على إرجاعات ببليوجرافية. | ||
| 650 | 7 |
_aالاعتدال (فقه إسلامي) _2BUEsh |
|
| 651 | _2BUEsh | ||
| 653 |
_bLLAAWW _cDecember2016 |
||
| 942 | _2ddc | ||
| 999 |
_c23425 _d23397 |
||